| 000 | 00376 a2200169 4500 | ||
|---|---|---|---|
| 001 | 182272 | ||
| 020 | _a978-85-249-1690-8 | ||
| 040 | _cMagnum | ||
| 100 | _aRibeiro, Jonas | ||
| 240 | 1 | 0 |
_aO mundo de cabeça pra baixo _lpor |
| 245 | 1 | 0 | _aO mundo de cabeça pra baixo |
| 300 | _a31 | ||
| 362 | 0 | _a2011 | |
| 440 | 1 | _aCortez | |
| 697 | _aLITERATURA INFANTO | ||
| 942 | _cBK | ||
| 999 |
_c182272 _d182272 |
||